000
00326nam a22001457a 4500
008
221010b ||||| |||| 00| 0 eng d
020
_a
9780324183511
041
_a
eng
080
_2
1OTH EDITION
_a
330
082
_a
330
100
_a
23.2
101
_a
ACC
245
_a
FINANCIAL ACCOUNTING
_c
STICKNEY C
942
_2
udc
_c
BK
999
_c
58463
_d
58463